| Tag |
First Indicator |
Second Indicator |
Subfields |
| LEADER |
00000pam a2200000 a 4500 |
| 001 |
in00000084171 |
| 005 |
20151008055708.0 |
| 008 |
810416s1981 njuac b 00010beng |
| 010 |
|
|
|a 81006116
|
| 020 |
|
|
|a 0806507543 :
|c $17.95
|
| 035 |
|
|
|a (OCoLC)07464596
|
| 035 |
|
|
|9 AAJ4141AM
|
| 039 |
0 |
|
|a 2
|b 3
|c 3
|d 3
|e 3
|
| 040 |
|
|
|a DLC
|c DLC
|d TXA
|d UtOrBLW
|
| 043 |
|
|
|a n-us---
|
| 049 |
|
|
|a TXAM
|c [387758], 2 [1504976]
|
| 050 |
0 |
0 |
|a E185.97 R63
|b R62
|
| 082 |
0 |
|
|a 782.1/092/4
|a B
|2 19
|
| 100 |
1 |
|
|a Robeson, Susan,
|d 1953-
|
| 245 |
1 |
4 |
|a The whole world in his hands :
|b a pictorial biography of Paul Robeson /
|c Susan Robeson.
|
| 250 |
|
|
|a 1st ed.
|
| 264 |
|
1 |
|a Secaucus, N.J. :
|b Citadel Press,
|c [1981]
|
| 264 |
|
4 |
|c ©1981
|
| 300 |
|
|
|a 254 pages :
|b illustrations, portrait ;
|c 29 cm.
|
| 336 |
|
|
|a text
|b txt
|2 rdacontent
|
| 337 |
|
|
|a unmediated
|b n
|2 rdamedia
|
| 338 |
|
|
|a volume
|b nc
|2 rdacarrier
|
| 504 |
|
|
|a Includes bibliographical references.
|
| 600 |
1 |
0 |
|a Robeson, Paul,
|d 1898-1976.
|
| 600 |
1 |
0 |
|a Robeson, Susan,
|d 1953-
|
| 650 |
|
0 |
|a African Americans
|v Biography.
|
| 999 |
|
|
|a MARS
|
| 999 |
f |
f |
|s a54ae536-c6e5-30ec-96d0-c371d25568c5
|i 8e49e941-b593-35a8-a8e0-8bd00c9fdca7
|t 0
|
| 952 |
f |
f |
|p normal
|a Texas A&M University
|b College Station
|c Sterling C. Evans Library
|d Evans: Library Stacks
|t 0
|e E185.97 R63 R62
|h Library of Congress classification
|i unmediated -- volume
|m A14806106217
|
| 998 |
f |
f |
|a E185.97 R63 R62
|t 0
|l Evans: Library Stacks
|